000
00316nam a22001457a 4500
003
SGT
082
_a
612
_b
P95S
100
_a
SALISBURY, FRANK.B.
245
_a
PLANT PHYSIOLOGY
260
_a
DELHI
_b
CBS PUB
_c
1995
300
_a
540
650
_a
PLANT PHYSIOLOGY
653
_a
PLANT, PHYSIOLOGY
942
_2
ddc
_c
RARE
999
_c
24145
_d
24145